LEADER 01178nam a2200253 4500 001 000000342960 003 CaOOAMICUS 005 20201214114121.0 008 201116s1967 po a 000 u por r 040 $aSeMil$bita 100 1 $aBarthas, Casimir.$0(OLS)http://semarc/name/57626 240 10$aFátima merveille du 20. siécle.$0(OLS)http://semarc/title/431894 245 10$aFátima :$b(Segundo as testemunhas e os documentos) /$cCónego C. Barthas. 250 $aEdição refundida e actualizada pelo autor por ocasião do Cinquentenãrio das Aparicoes 264 1$aLisboa :$bEditorial Aster,$c1967. 300 $aXII, 413 p. :$bill. ;$c21 cm 650 4$aMadonna - Apparizioni - Fatima.$0(OLS)http://semarc/subject/900 850 $aSeMil 852 $aSeMil$W1$xVenegono$y1$m2L III 295$j222969$B234298$CSeMilBibl$Z2$F234298 $81 961 $aRecupero dalla Biblioteca dei Fratelli Oblati 961 $aTimbro della Biblioteca dei Fratelli Oblati 996 $6245$aFátima :$b(Segundo as testemunhas e os documentos)$9(OLS)http://semarc/title/431889 996 $6264$aLisboa :$bEditorial Aster$9(OLS)http://semarc/publisher/59383 LEADER 00608nam a2200169 i 4500 001 000000187222 003 CaOOAMICUS 005 20100312000000.0 008 100312s1935 it u000 u fre u 013 $a165287 040 $aSeMil$bita 245 10$aTome second. 300 $a830 p. 773 0 $aHoutryve, Idesbaldo : van $tVie dans la paix.$bsixième édition complètement refondue.$dLouvain : Abbaye du Mont César, 1934-1935.$w()23113 850 $aSeMil 852 $aSeMil$W1$xVenegono$y1$m3F II 247$j137909$B137909$CSeMilBibl$Z2$F149384 $81 996 $6245$aTome second$9(OLS)http://semarc/title/137745